000 00722nam a2200169Ia 4500
003 IN-BaIIA
008 211028s9999 xx 000 0 eng d
040 _cIIA Library
080 _a523.9:523.31-852
_bINF
111 _aCommittee on Space Research Scientific Assembly
_n35th
_cParis
_d2004 July 18-24
_929688
245 0 _aInfluence of sun's radiation and particles on the earth's atmosphere and climate
_b35th COSPAR scientific assembly held in France, Paris, 18-24 July 2004
_cedited by J. Lastovicka
260 _aParis
_bElsevier
_c2005
650 _aEarth atmosphere and Ccimate
_929689
650 _aSun's radiation
_929690
700 _aLastovicka, J., ed.
_929691
942 _cBK
999 _c16051
_d16051